LEADER 00859nam a2200229 i 4500 001 000000069009 003 CaOOAMICUS 005 20100817000000.0 008 100817s1981 it u000 u ita u 013 $a40181 040 $aSeMil$bita 100 1 $aVerdiglione, Armando <1944- >.$0(OLS)http://semarc/name/6427 245 10$aDio /$cArmando Verdiglione. 260 $aMilano :$bSpirali/Vel,$c1981. 300 $a255 p. ;$c23 cm. 490 0 $aFondazioni della psicoanalisi ;$v1 650 4$aPsicanalisi.$0(OLS)http://semarc/subject/1341 830 0$aFondazioni della psicoanalisi ;$v1.$0(OLS)http://semarc/title/11526 850 $aSeMil 852 $aSeMil$W1$xVenegono$y1$m2O IV 320$j35162$B35162$CSeMilBibl$Z2$F35165 $81 996 $6245$aDio$9(OLS)http://semarc/title/40420 996 $6260$aMilano :$bSpirali/Vel$9(OLS)http://semarc/publisher/32368 LEADER 00990nam a2200253 i 4500 001 000000121696 003 CaOOAMICUS 005 20040108000000.0 008 040108s1987 it u000 u ita u 013 $a94391 020 $a88-18-21008-4 040 $aSeMil$bita 100 1 $aCasini, Claudio,$d<1937-1994>.$0(OLS)http://semarc/name/3669 245 10$aDall'antichità classica al Cinquecento. 300 $a412 p., :$bill., grafici. 490 0 $aLa musica 500 $aContiene : Bibliografia essenziale. 773 0 $aCasini, Claudio <1937-1994>$tStoria della musica.$dMilano : Rusconi, 1987-1988.$kMusica$w()10777 830 3$aLa musica.$0(OLS)http://semarc/title/9424 850 $aSeMil 852 $aSeMil$W1$xVenegono$y1$m3Q V 19$j76756$B76756$CSeMilBibl$Z2$F78298 $81 961 $aOmaggio: Martini Card. Carlo Maria 996 $6020$a88-18-21008-4$9(OLS)http://semarc/number/107258 996 $6245$aDall'antichità classica al Cinquecento$9(OLS)http://semarc/title/179214